00300nam a2200133Ia 45000030006000000080041000060400015000471000018000622450037000802500011001172600009001285460012001370050017001490STCL150530s9999 xx 000 0 und d aSTCLcSTCL aHickman, C.P. aIntegrated principles of zoology aFourth c1970 aEnglish20220125170418.0